[Event "Hull TORO"]
[Site "Hull"]
[Date "1981.03.07"]
[Round "2"]
[White "Labonte, Rejean"]
[Black "Seguin, Hubert"]
[Result "1-0"]
[WhiteElo "1456"]
[BlackElo "1514"]
[PlyCount "109"]
[EventDate "1981.03.07"]
[EventType "swiss"]
[EventRounds "5"]
[EventCountry "CAN"]
[SourceTitle "EXT 2022"]
[Source "ChessBase"]
[SourceDate "2021.10.06"]
[SourceVersion "1"]
[SourceVersionDate "2021.10.06"]
[SourceQuality "1"]

1. e4 c5 2. Nf3 e6 3. c3 Nf6 4. d3 d5 5. e5 Nfd7 6. Bf4 Nc6 7. Be2 Be7 8. 0-0 0-0 9. Qd2 d4 10. Na3 a6 11. Nc4 b5 12. Nd6 Bxd6 13. exd6 e5 14. Bg3 Re8 15. Nh4 Nf6 16. cxd4 Nxd4 17. Nf3 Qxd6 18. Nxd4 Qxd4 19. Kh1 Bf5 20. f3 e4 21. Qf4 exd3 22. Qxd4 cxd4 23. Bd1 d2 24. Kg1 Bd3 25. Bb3 Bxf1 26. Kxf1 Rac8 27. Bf4 Re3 28. Rd1 Rc1 29. Bxe3 Rxd1+ 30. Bxd1 dxe3 31. Ke2 Nd5 32. Bb3 Nf4+ 33. Kxe3 Nxg2+ 34. Kxd2 g5 35. Bd5 b4 36. a4 a5 37. Bc6 f5 38. Kd3 h5 39. Kc4 g4 40. Kb5 f4 41. fxg4 Ne1 42. gxh5 Nd3 43. b3 Nc1 44. Bd5+ Kg7 45. Kxa5 f3 46. Bxf3 Nxb3+ 47. Kxb4 Nd4 48. Be4 Ne6 49. a5 Nc7 50. Kc5 Kh6 51. Kb6 Ne8 52. a6 Nd6 53. Kc6 Nc8 54. Kc7 Na7 55. Bd3 1-0

[Event "Outaouais-ch"]
[Site "Hull"]
[Date "1981.??.??"]
[Round "5"]
[White "Labonte, Rejean"]
[Black "Laurin, Jacques"]
[Result "0-1"]
[WhiteElo "1475"]
[BlackElo "1541"]
[PlyCount "24"]
[EventDate "1981.??.??"]
[EventType "swiss"]
[EventRounds "9"]
[EventCountry "CAN"]
[SourceTitle "EXT 2022"]
[Source "ChessBase"]
[SourceDate "2021.10.06"]
[SourceVersion "1"]
[SourceVersionDate "2021.10.06"]
[SourceQuality "1"]

1. e4 c5 2. Nf3 Nc6 3. c3 e6 4. Be2 Nf6 5. Qc2 Qc7 6. 0-0 Bd6 7. d3 Ng4 8. g3 h5 9. Nh4 Be7 10. Bxg4 hxg4 11. Bf4 Ne5 12. Ng2 Nf3+ 0-1

[Event "Canadian op"]
[Site "Ottawa"]
[Date "1980.07.21"]
[Round "4"]
[White "Labonte, Rejean"]
[Black "Schwilgin, F."]
[Result "1-0"]
[WhiteElo "1296"]
[BlackElo "1514"]
[PlyCount "139"]
[EventDate "1980.07.19"]
[EventType "swiss"]
[EventRounds "10"]
[EventCountry "CAN"]
[SourceTitle "EXT 2022"]
[Source "ChessBase"]
[SourceDate "2021.10.06"]
[SourceVersion "1"]
[SourceVersionDate "2021.10.06"]
[SourceQuality "1"]

1. e4 e5 2. Nf3 Nc6 3. d4 exd4 4. Nxd4 Nxd4 5. Qxd4 Qe7 6. Nc3 c6 7. Be2 Qc5 8. Be3 Qxd4 9. Bxd4 Bb4 10. a3 Bxc3+ 11. Bxc3 f6 12. 0-0-0 Ne7 13. Bc4 b5 14. Bb3 Bb7 15. Ba5 d5 16. Rhe1 0-0 17. Bb4 Rfe8 18. exd5 Nxd5 19. Rxe8+ Rxe8 20. Re1 Rxe1+ 21. Bxe1 Kf8 22. g3 c5 23. c4 bxc4 24. Bxc4 Nb6 25. Bd3 h6 26. Kd2 Nd7 27. Kc3 Ke7 28. Bb5 Kd6 29. Bd2 g5 30. h4 Bc6 31. Be2 a5 32. hxg5 hxg5 33. f4 gxf4 34. Bxf4+ Ke6 35. Bc4+ Bd5 36. Bc7 Ne5 37. Bb3 Bxb3 38. Kxb3 c4+ 39. Kc3 a4 40. Kd4 Kf5 41. Kc3 Ke4 42. Bd8 f5 43. Bc7 Nd3 44. Bb6 f4 45. gxf4 Kxf4 46. Bd4 Ke4 47. Kxc4 Nf4 48. Bg7 Ne6 49. Bh8 Nc7 50. Kb4 Kd5 51. Kxa4 Kc6 52. Be5 Na8 53. Ka5 Kb7 54. Kb5 Nb6 55. b4 Nd7 56. Bd6 Nb6 57. Be5 Nd7 58. Bd4 Nb8 59. a4 Nc6 60. Bf2 Nb8 61. Kc4 Kc6 62. b5+ Kb7 63. Kd5 Nd7 64. a5 Nf6+ 65. Ke6 Ne4 66. Bd4 Ng5+ 67. Kd7 Ne4 68. a6+ Kb8 69. b6 Ng5 70. Be5+ 1-0